| 000 -LEADER |
| fixed length control field |
01650cam a22003738a 4500 |
| 001 - CONTROL NUMBER |
| control field |
17486832 |
| 005 - DATE AND TIME OF LATEST TRANSACTION |
| control field |
20170105102930.0 |
| 008 - FIXED-LENGTH DATA ELEMENTS--GENERAL INFORMATION |
| fixed length control field |
121005s2013 nyu b 001 0 eng c |
| 010 ## - LIBRARY OF CONGRESS CONTROL NUMBER |
| LC control number |
2012040931 |
| 020 ## - INTERNATIONAL STANDARD BOOK NUMBER |
| International Standard Book Number |
9780415641333 (hardback) |
| 020 ## - INTERNATIONAL STANDARD BOOK NUMBER |
| International Standard Book Number |
9780203082003 (ebook) |
| 040 ## - CATALOGING SOURCE |
| Original cataloging agency |
IEN/DLC |
| Transcribing agency |
IEN |
| Modifying agency |
DLC |
| 042 ## - AUTHENTICATION CODE |
| Authentication code |
pcc |
| 043 ## - GEOGRAPHIC AREA CODE |
| Geographic area code |
f-cg--- |
| 050 00 - LIBRARY OF CONGRESS CALL NUMBER |
| Classification number |
HV8274.A2 |
| Item number |
M37 2013 |
| 082 04 - DEWEY DECIMAL CLASSIFICATION NUMBER |
| Classification number |
967.51034 |
| Author Mark |
MAR 2013 |
| 100 1# - MAIN ENTRY--PERSONAL NAME |
| Personal name |
Marriage, Zoë. |
| 245 10 - TITLE STATEMENT |
| Title |
Formal peace and informal war : |
| Remainder of title |
security and development in the congo / |
| Statement of responsibility, etc. |
Zoë Marriage. |
| 260 ## - PUBLICATION, DISTRIBUTION, ETC. |
| Place of publication, distribution, etc. |
New York, NY : |
| Name of publisher, distributor, etc. |
Routledge, |
| Date of publication, distribution, etc. |
2013. |
| 300 ## - PHYSICAL DESCRIPTION |
| Extent |
viii, 180 p. ; |
| Dimensions |
24 cm. |
| 490 1# - SERIES STATEMENT |
| Series statement |
Routledge explorations in development studies ; |
| Volume/sequential designation |
3 |
| 504 ## - BIBLIOGRAPHY, ETC. NOTE |
| Bibliography, etc. note |
Includes bibliographical references (p. 160-170) and index. |
| 505 0# - FORMATTED CONTENTS NOTE |
| Formatted contents note |
Formal peace and informal war -- Leadership vs. population -- Rich in war: conflict over Congo's political and economic resources -- When was this the deal? -- Politics of pillage -- Fit-up agreement -- Hunter's song -- Security peace. |
| 650 #0 - SUBJECT ADDED ENTRY--TOPICAL TERM |
| Topical term or geographic name entry element |
Internal security |
| Geographic subdivision |
Congo (Democratic Republic) |
| 650 #0 - SUBJECT ADDED ENTRY--TOPICAL TERM |
| Topical term or geographic name entry element |
Political stability |
| Geographic subdivision |
Congo (Democratic Republic) |
| 650 #0 - SUBJECT ADDED ENTRY--TOPICAL TERM |
| Topical term or geographic name entry element |
Peace-building |
| Geographic subdivision |
Congo (Democratic Republic) |
| 650 #0 - SUBJECT ADDED ENTRY--TOPICAL TERM |
| Topical term or geographic name entry element |
Economic development |
| Geographic subdivision |
Congo (Democratic Republic) |
| 651 #0 - SUBJECT ADDED ENTRY--GEOGRAPHIC NAME |
| Geographic name |
Congo (Democratic Republic) |
| General subdivision |
Politics and government |
| Chronological subdivision |
1997- |
| 651 #0 - SUBJECT ADDED ENTRY--GEOGRAPHIC NAME |
| Geographic name |
Congo (Democratic Republic) |
| General subdivision |
Economic conditions |
| Chronological subdivision |
1960- |
| 830 #0 - SERIES ADDED ENTRY--UNIFORM TITLE |
| Uniform title |
Routledge explorations in development studies ; |
| Volume/sequential designation |
3. |
| 906 ## - LOCAL DATA ELEMENT F, LDF (RLIN) |
| a |
7 |
| b |
cbc |
| c |
orignew |
| d |
1 |
| e |
ecip |
| f |
20 |
| g |
y-gencatlg |
| 942 ## - ADDED ENTRY ELEMENTS (KOHA) |
| Source of classification or shelving scheme |
|
| Koha item type |
Book |